[Event "4th YM"]
[Site "Lausanne SUI"]
[Date "2003.09.19"]
[Round "2.1"]
[White "Karjakin,Sergey"]
[Black "Papa,S"]
[Result "1-0"]
[WhiteElo "2560"]
[BlackElo "2372"]

1.e4 c5 2.Nf3 d6 3.d4 cxd4 4.Nxd4 Nf6 5.Nc3 a6 6.f3 e6 7.Be3 Be7 8.Qd2 Nc6
9.O-O-O O-O 10.g4 Nxd4 11.Qxd4 b5 12.h4 Rb8 13.Kb1 b4 14.Ne2 Nd7 15.h5 Ne5
16.h6 Bf6 17.hxg7 Re8 18.g5 Bxg7 19.f4 Ng4 20.Qd3 Bb7 21.Ng3 f6 22.Be2 Nxe3
23.Qxe3 fxg5 24.Nh5 gxf4 25.Qxf4 Be5 26.Qh6 Bxe4 27.Bd3 Bxd3 28.cxd3  1-0

[Event "EYg18"]
[Site "Budva YUG"]
[Date "2003.09.20"]
[Round "7"]
[White "Gregorova,Z"]
[Black "Andriasian,S"]
[Result "1-0"]
[WhiteElo "2198"]
[BlackElo "2160"]

1.e4 c5 2.Nf3 d6 3.d4 cxd4 4.Nxd4 Nf6 5.Nc3 a6 6.f3 b5 7.a4 b4 8.Nd5 Nxd5
9.exd5 g6 10.Be3 Bb7 11.Nb3 Nd7 12.Qd4 Nf6 13.Qxb4 Rb8 14.Qd4 Bg7 15.Bc4 O-O
16.Qd3 Qc7 17.O-O Rfc8 18.Nd2 Nd7 19.Bd4 Ne5 20.Bxe5 dxe5 21.Rab1 Rd8 22.Ne4 Qa5
23.Qc3 Qb6+ 24.Kh1 Bxd5 25.Bxd5 Rxd5 26.b3 Rbd8 27.Qc4 Rd4 28.Qc5 Qb7 29.Qc3 Rc8
30.Qb2 f5 31.c3 Rd3 32.Nd2 Rdxc3 33.Nc4 e4 34.Qe2 exf3 35.gxf3 e5 36.Nd6 Qc6
37.Nxc8 Qxc8 38.Qd2 h6 39.Rbc1 Rxc1 40.Rxc1 Qb7 41.Qd3 Kh7 42.Rc4 Qe7 43.Qd5 Qa3
44.Rc2 Qa1+ 45.Kg2 Qb1 46.Qd3 a5 47.Rd2 Qe1 48.Rc2 Qh4 49.Kh1 Qh3 50.Rd2 h5
51.Qe2 Qh4 52.Rd7 Qb4 53.Rd3 Qf4 54.Qe3 Qh4 55.Rd7 Qh3 56.Kg1 f4 57.Qa7 Qxf3
58.Rxg7+ Kh6 59.Rh7+ Kg5  1-0

[Event "EYb14"]
[Site "Budva YUG"]
[Date "2003.09.22"]
[Round "9"]
[White "Edouard,R"]
[Black "Siebarth,R"]
[Result "1-0"]
[WhiteElo "2059"]
[BlackElo "2117"]

1.e4 c5 2.Nf3 d6 3.d4 cxd4 4.Nxd4 Nf6 5.Nc3 a6 6.f3 e5 7.Nb3 Be7 8.Be3 Be6
9.Qd2 O-O 10.g4 Nbd7 11.O-O-O Qc7 12.Kb1 b5 13.g5 Nh5 14.Nd5 Bxd5 15.exd5 Nb6
16.Bxb6 Qxb6 17.Na5 Nf4 18.h4 Rfc8 19.Nc6 Bf8 20.Bd3 Nxd5 21.Bf5 Rxc6 22.Qxd5 g6
23.Bd7 Rac8 24.Bxc8 Rxc8 25.h5 Rc5 26.Qa8 Qc6 27.Qd8 Qc7 28.Qa8 Qc8 29.Qe4 Rc4
30.Qd3 Qe6 31.hxg6 hxg6 32.Rd2 Qf5 33.Rdh2 Qxg5 34.Rh8+ Kg7 35.Qd5 Rc7 36.Qa8 Be7
37.Qd5 Bf8 38.Qa8 Be7 39.R8h7+ Kf6 40.Qe8 Ke6 41.Qxf7+ Kd7 42.Qd5 Qf6 43.Rf7 Qg5
44.f4 Qg3 45.a3 Qg4 46.Rxe7+ Kxe7 47.Rh7+ Kf8 48.Rxc7  1-0

[Event "ECC"]
[Site "Rethymnon GRE"]
[Date "2003.09.28"]
[Round "1"]
[White "Almasi,Z"]
[Black "Schwarz,Mic"]
[Result "1-0"]
[WhiteElo "2655"]
[BlackElo "2409"]

1.e4 c5 2.Nf3 d6 3.d4 cxd4 4.Nxd4 Nf6 5.Nc3 a6 6.f3 b5 7.a4 b4 8.Nd5 Nxd5
9.exd5 Bb7 10.Nf5 e6 11.dxe6 fxe6 12.Ng3 d5 13.Bd3 Bc5 14.Qe2 Qf6 15.Be3 Nd7
16.O-O-O O-O 17.Rhe1 Bc6 18.Kb1 Bxa4 19.b3 Bb5 20.Bc1 Bxd3 21.Rxd3 Rfe8 22.Nh5 Qf7
23.f4 Nf6 24.Nxf6+ Qxf6 25.Bb2 d4 26.Qf3 a5 27.Re5 Bd6 28.Re4 e5 29.Qe2 Rf8
30.fxe5 Qf1+ 31.Rd1 Qxe2 32.Rxe2 Bc5 33.Kc1 Rad8 34.Kd2 Kf7 35.e6+ Ke7 36.Kd3 Rf6
37.Re5 Bb6 38.Rde1 Rd6 39.Rh5 h6 40.Rhe5 Rf2 41.R1e2 Rf1 42.Re1 Rf2 43.R5e2 Rf6
44.Kc4 Rf5 45.Re5 Rf2 46.R1e2 Rf1 47.Rd2 Rxe6 48.Rxe6+ Kxe6 49.Kb5 Rb1 50.Kxb6 Rxb2
51.Kxa5 d3 52.Rxd3 Rxc2 53.Rg3 Rc7 54.Kxb4 Kd5 55.Ka5 Rb7 56.b4 g5 57.b5 Ra7+
58.Kb6 Ra2 59.Kb7 Kc5 60.b6 Re2 61.Rc3+ Kb5 62.Rb3+ Kc5 63.Kc7 Re7+ 64.Kb8 Kc6
65.b7 Re2 66.Rh3  1-0

[Event "12th Monarch Assurance"]
[Site "Port Erin IOM"]
[Date "2003.09.29"]
[Round "3"]
[White "Shaw,D"]
[Black "Hunt,H"]
[Result "0-1"]
[WhiteElo "2183"]
[BlackElo "2402"]

1.e4 c5 2.Nf3 d6 3.d4 cxd4 4.Nxd4 Nf6 5.Nc3 a6 6.f3 e5 7.Nb3 Be6 8.Be3 Be7
9.Qd2 h5 10.O-O-O Nbd7 11.h3 h4 12.Nd5 Bxd5 13.exd5 Rc8 14.Kb1 Nb6 15.Qa5 Nc4
16.Bxc4 Rxc4 17.Qxd8+ Bxd8 18.Rhe1 Kd7 19.Nd2 Rc8 20.f4 exf4 21.Bxf4 Rh5
22.Nf3 Ne8 23.Re4 Rc5 24.c4 b5 25.b3 bxc4 26.bxc4 f5 27.Rxe8 Kxe8 28.Bxd6 Rxc4
29.Nd4 Bf6 30.Ne6 Rh8 31.Ba3 Kf7 32.Nc5 Rb8+ 33.Nb3 a5 34.Rc1 Rxc1+ 35.Kxc1 a4
36.Na5 Rb5  0-1

[Event "ECC"]
[Site "Rethymnon GRE"]
[Date "2003.09.30"]
[Round "3"]
[White "Hautot,S"]
[Black "Ftacnik,L"]
[Result "1-0"]
[WhiteElo "2317"]
[BlackElo "2598"]

1.e4 c5 2.Nf3 d6 3.d4 cxd4 4.Nxd4 Nf6 5.Nc3 a6 6.f3 e5 7.Nb3 Be6 8.Be3 Be7
9.Qd2 O-O 10.O-O-O Qc7 11.g4 Rc8 12.g5 Nh5 13.Nd5 Bxd5 14.exd5 Nd7 15.Bh3 g6
16.Kb1 Bf8 17.Bg4 Nf4 18.Bxf4 exf4 19.Bxd7 Qxd7 20.Qxf4 Bg7 21.Rhe1 a5 22.a4 b5
23.Re4 Be5 24.Rxe5 dxe5 25.Qxe5 bxa4 26.Nd2 Qf5 27.Qxf5 gxf5 28.c4 Kf8 29.Kc2 Rab8
30.Kc3 Ke7 31.Ra1 Rb4 32.Re1+ Kd6 33.f4 Rcb8 34.Kd4 Rc8 35.Kc3 Rcb8 36.Kd4 Kd7
37.Nf3 Rxb2 38.Ne5+ Kc8 39.Nc6 a3 40.Kc5 Ra8 41.Re7 a2 42.d6 Rb7 43.Re8+ Kd7
44.Rxa8 a1=Q 45.Ne5+ Qxe5+ 46.fxe5 f4 47.Kd5 Rb2 48.Ra7+ Ke8 49.c5 Kf8 50.Ra8+ Kg7
51.Ke4  1-0

[Event "ECC"]
[Site "Rethymnon GRE"]
[Date "2003.09.30"]
[Round "3"]
[White "Apicella,M"]
[Black "Kempinski,R"]
[Result "0-1"]
[WhiteElo "2522"]
[BlackElo "2565"]

1.e4 c5 2.Nf3 d6 3.d4 cxd4 4.Nxd4 Nf6 5.Nc3 a6 6.f3 e5 7.Nb3 Be6 8.Be3 Be7
9.Qd2 O-O 10.O-O-O Nbd7 11.g4 Qc7 12.Kb1 Rfc8 13.g5 Nh5 14.Rg1 Nb6 15.Qf2 Nc4
16.Bxc4 Qxc4 17.Na5 Qc7 18.Nd5 Bxd5 19.Rxd5 b5 20.Qd2 g6 21.Rc1 Bd8 22.Nb3 Be7
23.c4 bxc4 24.Na5 Qd7 25.Nxc4 Qh3 26.Qe2 Rc6 27.Rcd1 Qe6 28.b3 Rac8 29.h4 f5
30.gxf6 Nxf6 31.R5d2 Nh5 32.Bg5 Bf8 33.Qd3 h6 34.Be3 Kh7 35.Qd5 Qe8 36.Qa5 Qe6
37.Rd3 Qf6 38.Nb6 Qd8 39.Qa4 R8c7 40.Nd5 Rc8 41.Nb4 Rc3 42.Rxc3 Rxc3 43.Nd5 Qc8
44.Nxc3 Qxc3 45.Qd7+ Bg7 46.Bc1 Qxf3 47.Qxd6 Qxe4+ 48.Qd3 Qxh4 49.Qxa6 Qg4
50.Rd8 Nf4 51.Qc8 Ne6 52.Rd7 h5 53.a4 h4 54.Qc4 Qf5+ 55.Ka2 g5 56.a5 h3 57.a6 h2
58.Rd1 Nd4 59.a7 Qf3 60.Rxd4 h1=Q 61.Qc2+ Kh6 62.Rd2 Qe4 63.Rh2+ Kg6 64.Qd2 Qg1
65.Qd6+ Bf6 66.Rh6+ Kxh6 67.Qxf6+ Kh5 68.Qh8+ Kg4 69.Qc8+ Kg3 70.Qc3+ Kh2  0-1

[Event "ECC"]
[Site "Rethymnon GRE"]
[Date "2003.09.30"]
[Round "3"]
[White "Ginzburg,Mi"]
[Black "Fressinet,L"]
[Result "0-1"]
[WhiteElo "2294"]
[BlackElo "2640"]

1.e4 c5 2.Nf3 d6 3.d4 cxd4 4.Nxd4 Nf6 5.Nc3 a6 6.f3 e5 7.Nb3 Be6 8.Be3 Be7
9.Qd2 O-O 10.O-O-O Qc7 11.g4 Rc8 12.g5 Nh5 13.Nd5 Bxd5 14.exd5 Nd7 15.Bh3 a5
16.Kb1 a4 17.Nc1 a3 18.b3 Nf4 19.Bxf4 exf4 20.Rhg1 g6 21.Nd3 Bf8 22.Rge1 Re8
23.Bxd7 Qxd7 24.Qxf4 Qc7 25.Qd2 Rxe1 26.Qxe1 Rc8 27.Qd2 Qd7 28.Qb4 Bg7 29.h4 Qc7
30.Qd2 Bc3 31.Qe2 Bd4 32.c4 Qb6 33.h5 Qa5 34.Re1 gxh5 35.Rc1 b5 36.cxb5 Rxc1+
37.Nxc1 Qc3 38.f4 h4 39.f5 h3 40.b6 h2 41.Qe8+ Kg7 42.f6+ Kg6 43.Qg8+ Kf5
44.Qxh7+ Kg4 45.Qe4+ Kxg5 46.Qg2+ Kxf6 47.Qf1+ Ke7 48.Qe2+ Kf8 49.b7 Qa1+  0-1

[Event "ECC"]
[Site "Rethymnon GRE"]
[Date "2003.10.01"]
[Round "4"]
[White "Almasi,Z"]
[Black "Zhigalko,A"]
[Result "1/2-1/2"]
[WhiteElo "2655"]
[BlackElo "2466"]

1.e4 c5 2.Nf3 d6 3.d4 cxd4 4.Nxd4 Nf6 5.Nc3 a6 6.f3 e5 7.Nb3 Be6 8.Be3 Be7
9.Qd2 O-O 10.O-O-O b5 11.g4 b4 12.Nd5 Bxd5 13.exd5 a5 14.Kb1 Qc7 15.g5 Nfd7
16.h4 Nb6 17.h5 a4 18.Nc1 Nc4 19.Bxc4 Qxc4 20.g6 Nd7 21.Rdg1 b3 22.gxh7+ Kh8
23.cxb3 axb3 24.Rg4 Qc2+ 25.Qxc2 bxc2+ 26.Kxc2 Nf6 27.Rc4 Nxd5 28.Bd2 Kxh7
29.Kb1 Rfb8 30.Rd1 Bf6 31.b3 Ne7 32.Ne2 d5 33.Rc5 Ra4 34.Be1 Rb7 35.Rdc1 e4
36.Rc7 Rb8 37.Bc3 Bh4 38.fxe4 Rxe4 39.Nd4 Bg5 40.Rf1 Rf8 41.Nf3 Bf4 42.Rd7 Kh6
43.Nd4 Bg5 44.Rd6+ Bf6 45.Nb5 Re6 46.Bxf6 gxf6 47.Rxf6+ Rxf6 48.Rxf6+ Kg5
49.Rd6 Kxh5 50.Rd7 Ng6 51.Nd4 f5 52.b4 f4 53.b5 f3 54.Nxf3 Rxf3 55.b6 Rf8
56.a4 Kg4 57.b7 Ne5 58.Rc7 Rb8 59.a5 Nc6 60.a6 Na7 61.Kc2 Kf5 62.Kb3 d4 63.Kb4 Ke6
64.Ka5 d3 65.Rc1 Kd7 66.Kb6 d2 67.Rd1 Nc8+ 68.Ka5 Kc7 69.Rxd2 Rxb7 70.axb7 Kxb7
71.Kb5 Kc7  1/2-1/2

[Event "FSGM October"]
[Site "Budapest HUN"]
[Date "2003.10.08"]
[Round "5"]
[White "Schneider,Dm"]
[Black "Berczes,D"]
[Result "1-0"]
[WhiteElo "2437"]
[BlackElo "2323"]

1.e4 c5 2.Nf3 d6 3.d4 cxd4 4.Nxd4 Nf6 5.Nc3 a6 6.f3 e6 7.Be3 b5 8.g4 h6 9.Qd2 Bb7
10.O-O-O Nbd7 11.Bd3 b4 12.Na4 d5 13.exd5 Nxd5 14.Nxe6 fxe6 15.Bg6+ Ke7 16.Rhe1 Ne5
17.Bc5+ Kf6 18.Rxe5 Kxg6 19.Rxe6+ Kf7 20.Re5 Bxc5 21.Nxc5 Bc6 22.Rf5+ Kg8
23.Qd3 Qe7 24.Rxd5 Bxd5 25.Qxd5+ Kh7 26.Qd3+ g6 27.Qe4 Qxe4 28.Rd7+ Kg8 29.fxe4 Re8
30.Kd2 h5 31.g5 Re5 32.Rd5 Rxd5+ 33.exd5 h4 34.h3 Kf7 35.c4 bxc3+ 36.bxc3 Ke7
37.Ke3 Rf8 38.c4 Kd6 39.Nd3 Rf5 40.Ke4 Rxg5 41.c5+ Ke7 42.Ne5 Rg1 43.Nf3 Rb1
44.d6+ Ke6 45.Nd4+ Kd7 46.Kd5 Rd1 47.c6+ Kd8 48.Ke5 Re1+ 49.Kf6 Rf1+ 50.Kxg6 Rg1+
51.Kf6 Rf1+ 52.Kg5 Re1 53.Kf5 Rf1+ 54.Ke5 Re1+ 55.Kd5 Rd1 56.Kc5 Re1 57.Kb6 Re4
58.Kb7  1-0

[Event "EuTCh"]
[Site "Plovdiv BUL"]
[Date "2003.10.15"]
[Round "5"]
[White "Socko,B"]
[Black "Sedlak,N"]
[Result "1-0"]
[WhiteElo "2547"]
[BlackElo "2543"]

1.e4 c5 2.Nf3 d6 3.d4 cxd4 4.Nxd4 Nf6 5.Nc3 a6 6.f3 e5 7.Nb3 Be6 8.Be3 Nc6
9.Qd2 d5 10.exd5 Nxd5 11.Nxd5 Qxd5 12.Qxd5 Bxd5 13.O-O-O O-O-O 14.c4 Be6
15.Rxd8+ Kxd8 16.Nc5 Bxc5 17.Bxc5 Kc7 18.Bd3 Rd8 19.Rd1 b6 20.Ba3 h5 21.b3 g5
22.Bb1 Nd4 23.Re1 Nc6 24.Be4 g4 25.Bb2 Nd4 26.Bh7 gxf3 27.gxf3 f6 28.f4 Nf3
29.Re2 Bg4 30.Rf2 Ne1 31.Rd2 Rh8 32.Bg6 Rh6 33.Bb1 exf4 34.Rf2 f3 35.h3 Bxh3
36.Bc3 Ng2 37.Rxf3 Bg4 38.Rf2 Nh4 39.Bd2 Rh8 40.Rxf6 Nf3 41.Bf4+ Kd7 42.Be4 h4
43.Rf7+ Ke8 44.Ra7 Rf8 45.Bd6 Rf6 46.Bc6+  1-0

[Event "300 Years"]
[Site "St Petersburg RUS"]
[Date "2003.10.19"]
[Round "2"]
[White "Yagupov,I"]
[Black "Loukachouk,A"]
[Result "0-1"]
[WhiteElo "2415"]
[BlackElo "2256"]

1.e4 c5 2.Nf3 d6 3.d4 cxd4 4.Nxd4 Nf6 5.Nc3 a6 6.f3 e5 7.Nb3 Be6 8.Be3 Be7
9.Qd2 O-O 10.O-O-O Nbd7 11.g4 b5 12.g5 b4 13.Ne2 Ne8 14.h4 a5 15.Kb1 Nb6
16.Ng3 a4 17.Nc1 b3 18.Nf5 Nd5 19.Nxe7+ Nxe7 20.cxb3 axb3 21.a3 Rc8 22.Bb5 d5
23.Qb4 Qc7 24.Nd3 d4 25.Rc1 Qb6 26.Rxc8 Nxc8 27.Bf2 Ned6 28.a4 Na7 29.Nxe5 Naxb5
30.Rc1 Qa6 31.Rc6 Nc3+ 32.Qxc3 Qxa4 33.Qxd4 Qa2+ 34.Kc1 Qa1+ 35.Kd2 Nb5 36.Qc5 Qxb2+
37.Ke3 Nc3 38.Kf4 Qd2+ 39.Kg3 b2 40.Nc4 Ne2+ 41.Kh2 Qf4+  0-1

[Event "300 Years"]
[Site "St Petersburg RUS"]
[Date "2003.10.20"]
[Round "3"]
[White "Frolyanov,D"]
[Black "Kovchan,A"]
[Result "0-1"]
[WhiteElo "2482"]
[BlackElo "2561"]

1.e4 c5 2.Nf3 d6 3.d4 cxd4 4.Nxd4 Nf6 5.Nc3 a6 6.f3 e5 7.Nb3 Be6 8.Be3 h5
9.Qd2 Nbd7 10.O-O-O Rc8 11.Kb1 b5 12.Nd5 Bxd5 13.exd5 Nb6 14.Bxb6 Qxb6 15.Bd3 g6
16.Rhe1 Bh6 17.Qe2 O-O 18.c4 Rb8 19.g4 bxc4 20.Bxc4 a5 21.Rg1 Be3 22.Rge1 Bf4
23.Nc1 hxg4 24.Nd3 Rfc8 25.Bb3 Bg5 26.fxg4 e4 27.Nf2 e3 28.Nh3 Bh4 29.Rf1 Ne4
30.Qf3 Nf2 31.Nxf2 exf2 32.Qh3 Bg5 33.Qf3 Be3 34.Rd3 Re8 35.a4 Bc5 36.Ka2 Re1
37.Qf6 Rxf1 38.Rh3 Qxb3+ 39.Rxb3 Rxb3 40.Kxb3 Re1  0-1

[Event "Classics II GM"]
[Site "Gausdal NOR"]
[Date "2003.10.21"]
[Round "1"]
[White "Johannessen,LE"]
[Black "Quinn,M"]
[Result "1-0"]
[WhiteElo "2495"]
[BlackElo "2411"]

1.e4 c5 2.Nf3 d6 3.d4 cxd4 4.Nxd4 Nf6 5.Nc3 a6 6.f3 e6 7.Be3 b5 8.g4 Nfd7
9.Qd2 Nb6 10.O-O-O N8d7 11.Bd3 Bb7 12.Kb1 Rc8 13.Bg5 Qc7 14.Rhe1 Ne5 15.f4 Nec4
16.Qc1 b4 17.Nd5 Nxd5 18.exd5 Bxd5 19.Bh4 Qb7 20.Re2 Kd7 21.b3 Na3+ 22.Ka1 h5
23.c4 hxg4 24.Bg5 Qb6 25.Qb2 Bf3 26.Nxf3 gxf3 27.Ree1 f2 28.Re2 Rxh2 29.f5 Rg2
30.Be3 Rg1 31.Qc1 Qd8 32.Rxg1 Qf6+ 33.Rb2 fxg1=Q 34.Qxg1 Be7 35.Bd4 e5 36.Be3 Qh4
37.Rh2 Qf6 38.Be4  1-0

[Event "CCAS Open"]
[Site "Cap d'Agde FRA"]
[Date "2003.10.23"]
[Round "1"]
[White "Libiszewski,F"]
[Black "Bruned,Y"]
[Result "1-0"]
[WhiteElo "2446"]
[BlackElo "2130"]

1.e4 c5 2.Nf3 d6 3.d4 cxd4 4.Nxd4 Nf6 5.Nc3 a6 6.f3 Qb6 7.Nb3 e6 8.Qe2 Nc6
9.Be3 Qc7 10.g4 b5 11.O-O-O Bb7 12.g5 Nd7 13.Qf2 Nce5 14.Kb1 Rc8 15.Nd4 Nc5
16.a3 Ba8 17.Rg1 Qb8 18.Na2 Be7 19.h4 d5 20.exd5 Bxd5 21.Nb4 Bb7 22.Bf4 Ned3
23.Nxd3 Nxd3 24.Bxd3 Qxf4 25.Rg4 Qc7 26.h5 Bc5 27.c3 Bd5 28.Qe2 Qb7 29.Rf1 Qe7
30.Qe5 f6 31.gxf6 gxf6 32.Qg3 Bxd4 33.cxd4 Rc7 34.Re1 Kd8 35.h6 f5 36.Rg7 f4
37.Qxf4 Rf8 38.Qe5 Rf7 39.Reg1 Rb7 40.Rxf7 Qxf7 41.Rg7 Qxf3 42.Qd6+ Ke8 43.Rg8+ Kf7
44.Qf8+  1-0

[Event "WYb18"]
[Site "Halkidiki GRE"]
[Date "2003.10.23"]
[Round "1"]
[White "Antognini,F"]
[Black "Shanava,K"]
[Result "1/2-1/2"]
[WhiteElo "2174"]
[BlackElo "2423"]

1.e4 c5 2.Nf3 d6 3.d4 cxd4 4.Nxd4 Nf6 5.Nc3 a6 6.f3 e5 7.Nb3 Be6 8.Be3 Nbd7
9.Qd2 b5 10.a4 b4 11.Nd5 Bxd5 12.exd5 Nb6 13.Bxb6 Qxb6 14.a5 Qb7 15.Bc4 g6
16.Ra4 Rb8 17.Qd3 Ra8 18.Qd2 Rb8 19.Qd3 Bh6 20.Bxa6 Qxd5 21.Qxd5 Nxd5 22.Bd3 Nf4
23.Kf2 Nxd3+ 24.cxd3 Kd7 25.a6 Rhc8 26.a7 Rc2+ 27.Kg3 Ra8 28.Rha1 Rc7 29.d4 Rc4
30.dxe5 Bf4+ 31.Kh3 Bxe5 32.Nd2 Rd4 33.Nb3 Rc4 34.Nd2 Rc7 35.Rxb4 Raxa7 36.Rxa7 Rxa7
37.Nc4 Bg7 38.Rb6 Kc7 39.Rxd6 Bxb2 40.Rd3 Bg7 41.Nd6 Kc6 42.Ne4 h6 43.Rd6+ Kc7
44.Rd3 Be5 45.g3 Ra4 46.Nd2 Bd4 47.f4 Kc6 48.Nf3 Bf6 49.Kg2 Kc7 50.Nd2 Be7
51.Kf3 g5 52.fxg5 hxg5 53.h3 f5 54.g4 Rf4+ 55.Kg2 fxg4 56.hxg4 Rxg4+ 57.Kf3 Rf4+
58.Kg2 Ra4 59.Nf3 Bf6 60.Nd2 g4 61.Nf1 Be5 62.Rd2 Bf4 63.Re2 Kd7 64.Ng3 Bd6
65.Ne4 Rd4 66.Nxd6 Kxd6 67.Kg3  1/2-1/2

[Event "LXVIII ch-ESP Gp B"]
[Site "Burgos ESP"]
[Date "2003.10.24"]
[Round "1"]
[White "Rodriguez Guerrero,E"]
[Black "Gomez Esteban,J"]
[Result "1/2-1/2"]
[WhiteElo "2485"]
[BlackElo "2465"]

1.e4 c5 2.Nf3 d6 3.d4 cxd4 4.Nxd4 Nf6 5.Nc3 a6 6.f3 e5 7.Nb3 Be6 8.Be3 Nbd7
9.g4 b5 10.g5 b4 11.Ne2 Nh5 12.Qd2 h6 13.gxh6 g6 14.Ng3 Nf4 15.Nd4 exd4 16.Bxf4 Ne5
17.Bg2 Qf6 18.Ne2 Bh3 19.O-O Bxg2 20.Kxg2 Bxh6 21.Bxh6 Qh4 22.Qg5 Qxh6 23.Qxh6 Rxh6
24.Nxd4 Ke7 25.Rf2 Rah8 26.Kg1 Rc8 27.a3 Rc4 28.Rd1 bxa3 29.b3 Rc3 30.Ra1 Nc6
31.Nxc6+ Rxc6 32.Rxa3 Rh5 33.Kf1 d5 34.Ra5 dxe4 35.Rxh5 gxh5 36.fxe4 Rc3
37.Ke1 Re3+ 38.Re2 Rh3 39.Kd2 Ke6 40.e5 Kd5 41.c3 Rf3 42.Kc2 a5 43.Kb2 Rf5
44.c4+ Ke6 45.Kc3 Rxe5 46.Ra2 Rf5 47.Kd4 Kd6 48.Ke4 Re5+ 49.Kf4 f6 50.h3 Rc5
51.Rd2+ Ke6 52.Re2+ Kd6 53.Rd2+ Ke6 54.Ke4 Rc8 55.Ra2 Rc5 56.Rd2 Rc8 57.Rc2 Rb8
58.Rc3 Rb4 59.Kd4 a4 60.bxa4 Rxa4  1/2-1/2

[Event "WYb14"]
[Site "Halkidiki GRE"]
[Date "2003.10.24"]
[Round "2"]
[White "Sanikidze,T"]
[Black "Agafii,V"]
[Result "1-0"]
[WhiteElo "2269"]
[BlackElo "2112"]

1.e4 c5 2.Nf3 d6 3.d4 cxd4 4.Nxd4 Nf6 5.Nc3 a6 6.f3 e5 7.Nb3 Be6 8.Be3 Be7
9.Qd2 O-O 10.O-O-O Nbd7 11.g4 b5 12.g5 Nh5 13.Nd5 Bxd5 14.exd5 Qc7 15.Kb1 Nb6
16.Qb4 Rfc8 17.c3 g6 18.Na5 Rab8 19.Rg1 Ng7 20.Bh3 Re8 21.f4 Nc4 22.Nxc4 bxc4
23.Qa4 exf4 24.Bxf4 Rb5 25.Qxa6 Reb8 26.Bc1 f6 27.Qc6 Qa5 28.Qxc4 fxg5 29.Rgf1 Rc5
30.Qe2 Rc7 31.Ka1 Bf8 32.a3 Rxc3 33.Be6+ Nxe6 34.Qxe6+ Kh8 35.Rxf8+ Rxf8
36.bxc3 Rf2 37.Bb2 Qa4 38.Rb1 Qb3 39.c4+ Rxb2 40.Qf6+ Kg8 41.Qxb2 Qxc4 42.Rc1  1-0

[Event "300 Years"]
[Site "St Petersburg RUS"]
[Date "2003.10.24"]
[Round "7"]
[White "Gubajdullin,A"]
[Black "Kovchan,A"]
[Result "0-1"]
[WhiteElo "2472"]
[BlackElo "2561"]

1.e4 c5 2.Nf3 d6 3.d4 cxd4 4.Nxd4 Nf6 5.Nc3 a6 6.f3 e5 7.Nb3 Be6 8.Be3 h5
9.Qd2 Nbd7 10.O-O-O Rc8 11.Kb1 Be7 12.Bd3 b5 13.f4 Qc7 14.Nd5 Bxd5 15.exd5 Nxd5
16.Bf5 Nxe3 17.Qxe3 exf4 18.Qe4 Rd8 19.Bxd7+ Rxd7 20.Qa8+ Rd8 21.Qxa6 Rb8
22.Nd4 O-O 23.Nc6 Rbe8 24.Qxb5 Bf6 25.Nd4 Rb8 26.Qd3 Qb7 27.Nb3 Qxg2 28.Qxd6 Rfc8
29.Qd2 Qg5 30.Rdf1 Qe5 31.c3 Rc4 32.Qd3 Re4 33.Rd1 Rd8 34.Qf3 Rxd1+ 35.Rxd1 Re3
36.Qa8+ Kh7 37.Nd4 f3 38.Kc2 Qxh2+ 39.Rd2 Qf4 40.Qd5 f2 41.Qxh5+ Kg8 42.Nc6 Qa4+  0-1

[Event "WYb18"]
[Site "Halkidiki GRE"]
[Date "2003.10.25"]
[Round "3"]
[White "Zaragatski,I"]
[Black "Ibarra Jerez,JC"]
[Result "1/2-1/2"]
[WhiteElo "2337"]
[BlackElo "2413"]

1.e4 c5 2.Nc3 a6 3.Nf3 d6 4.d4 cxd4 5.Nxd4 Nf6 6.Be3 Ng4 7.Bc1 Nf6 8.f3 Qb6
9.Nb3 e6 10.Bf4 Nbd7 11.Qd2 Qc7 12.O-O-O Ne5 13.Bg3 b5 14.f4 Nc4 15.Bxc4 Qxc4
16.e5 b4 17.Na4 Ne4 18.Qe3 Nxg3 19.hxg3 Qc6  1/2-1/2

[Event "300 Years"]
[Site "St Petersburg RUS"]
[Date "2003.10.25"]
[Round "8"]
[White "Yagupov,I"]
[Black "Amonatov,F"]
[Result "0-1"]
[WhiteElo "2415"]
[BlackElo "2557"]

1.e4 c5 2.Nf3 d6 3.d4 cxd4 4.Nxd4 Nf6 5.Nc3 a6 6.f3 e5 7.Nb3 Be6 8.Be3 Nbd7
9.g4 Nb6 10.g5 Nh5 11.Qd2 Rc8 12.O-O-O Be7 13.Rg1 O-O 14.Kb1 g6 15.h4 Qc7
16.Qf2 Nc4 17.Bxc4 Bxc4 18.Nd5 Bxd5 19.Rxd5 f6 20.Qd2 f5 21.Rc1 fxe4 22.c4 exf3
23.c5 Qd7 24.Rxe5 Rcd8 25.Qd5+ Rf7 26.Rd1 Qc7 27.Rxe7 Qxe7 28.Bf2 Nf4 29.Qxf3 Ne6
30.Qe2 dxc5 31.Re1 Qd6 32.a3 Nd4 33.Nxd4 cxd4 34.Qc4 Qf4 35.Bg1 d3 36.Qb3 d2  0-1

[Event "LXVIII ch-ESP Abierto"]
[Site "Burgos ESP"]
[Date "2003.10.26"]
[Round "3"]
[White "Saenz Narciso,M"]
[Black "Balado Saez,S"]
[Result "0-1"]
[WhiteElo "2092"]
[BlackElo "2264"]

1.e4 c5 2.Nf3 d6 3.d4 cxd4 4.Nxd4 Nf6 5.Nc3 a6 6.f3 e5 7.Nb3 Be6 8.Be3 Be7
9.Qd2 O-O 10.O-O-O Qc7 11.g4 Rc8 12.Kb1 d5 13.exd5 Nxd5 14.Nxd5 Bxd5 15.Qf2 Qc6
16.Bd3 a5 17.Nd2 Na6 18.c4 Nb4 19.cxd5 Qa4 20.Bc4 Rxc4 21.Nxc4 Qxa2+ 22.Kc1 Qxc4+  0-1

[Event "3rd Rohde Open"]
[Site "Sautron FRA"]
[Date "2003.10.27"]
[Round "3"]
[White "Berthelot,Y"]
[Black "Algaba,P"]
[Result "1-0"]
[WhiteElo "2331"]
[BlackElo "2058"]

1.e4 c5 2.Nf3 d6 3.d4 cxd4 4.Nxd4 Nf6 5.Nc3 a6 6.f3 e5 7.Nb3 Be6 8.Be3 Nbd7
9.g4 Be7 10.Qd2 Rc8 11.g5 Nh5 12.O-O-O Nf4 13.Bxf4 exf4 14.h4 h6 15.Be2 hxg5
16.hxg5 Rxh1 17.Rxh1 Nf8 18.Rd1 Bxb3 19.axb3 Rc6 20.b4 Ne6 21.b5 Rc5 22.b4 Rxg5
23.bxa6 bxa6 24.Nd5 Rg3 25.Rh1 Qc8 26.Rh8+ Bf8 27.Nxf4 Nxf4 28.Qxf4 Rg1+
29.Kb2 Qd7 30.Qe3 Rg6 31.Qb6 Ke7 32.Qb8 Qd8 33.Qxd8+ Kxd8 34.Bxa6 Ke7 35.b5 d5
36.exd5 f5 37.c4 Kf7 38.Rxf8+ Kxf8 39.c5 Rg3 40.b6  1-0

[Event "WYg16"]
[Site "Halkidiki GRE"]
[Date "2003.10.28"]
[Round "6"]
[White "Novak,K"]
[Black "Machalova,E"]
[Result "1-0"]
[WhiteElo "2119"]
[BlackElo "1988"]

1.e4 c5 2.Nf3 d6 3.d4 cxd4 4.Nxd4 Nf6 5.Nc3 a6 6.f3 b5 7.Be3 e5 8.Nb3 Be6
9.g4 Be7 10.Qd2 O-O 11.O-O-O Nbd7 12.g5 Nh5 13.Nd5 Bxd5 14.exd5 Nb6 15.Na5 Qc7
16.Nc6 Bd8 17.Rg1 g6 18.b3 Nc8 19.Bh3 Ne7 20.Nxe7+ Bxe7 21.Bg4 Ng7 22.h4 a5
23.Qh2 Bd8 24.h5 a4 25.Rd3 axb3 26.axb3 Ra2 27.hxg6 fxg6 28.Rh1 Ra1+ 29.Kb2 Rxh1
30.Qxh1 Nf5 31.Bd2 Qb7 32.Qe1 Ng7 33.Qe4 Bb6 34.Bb4 Bc7 35.Rd1 Ra8 36.Ra1 Rxa1
37.Kxa1 Qa6+ 38.Kb2 Bb6 39.Qd3 Bd4+ 40.c3 Bg1 41.Bd7 Qa7 42.Bxb5 Nf5 43.Qc4 Qb8
44.Bd7 Ne7 45.Qg4 Bc5 46.Qe6+  1-0

[Event "WYg18"]
[Site "Halkidiki GRE"]
[Date "2003.10.29"]
[Round "7"]
[White "Zawadzka,J"]
[Black "Huang Qian"]
[Result "0-1"]
[WhiteElo "2228"]
[BlackElo "2352"]

1.e4 c5 2.Nf3 d6 3.d4 cxd4 4.Nxd4 Nf6 5.Nc3 a6 6.f3 e5 7.Nb3 Be6 8.Be3 Be7
9.Qd2 O-O 10.O-O-O Qc7 11.g4 Rc8 12.Qf2 Nbd7 13.Kb1 b5 14.Nd5 Bxd5 15.exd5 Bf8
16.h4 b4 17.h5 h6 18.g5 hxg5 19.Bxg5 a5 20.h6 g6 21.Bh3 Nh7 22.Be3 a4 23.Nc1 Rcb8
24.Rhg1 Be7 25.f4 exf4 26.Qxf4 Ne5 27.Bd4 Bf6 28.Rdf1 Qe7 29.Re1 Re8 30.Re2 b3
31.cxb3 axb3 32.a3 Bg5 33.Qg3 Bxh6 34.Nd3 Bg7 35.Rge1 Qc7 36.Nxe5 dxe5 37.Qxb3 Qd6
38.Bc3 Rad8 39.Bg2 Nf8 40.Bb4 Qb6 41.Qf3 Nd7 42.Rf1 Nf6 43.d6 Rxd6 44.Bxd6 Qxd6
45.Qf2 Rb8 46.Rd2 Qe7 47.Rfd1 e4 48.Qf4 Re8 49.Re2 Qb7 50.Ka2 Qc6 51.Qe3 Qc4+
52.b3 Qc6 53.Rc1 Qd5 54.Rd2 Qe6 55.Rc4 Qe5 56.Rc5 Nd5 57.Qe1 Nc3+ 58.Rxc3 Qxc3
59.Bxe4 Bf6  0-1

[Event "18th Open"]
[Site "Le Touquet FRA"]
[Date "2003.10.29"]
[Round "4"]
[White "Maes,W"]
[Black "Daubenfeld,N"]
[Result "1-0"]
[WhiteElo "2295"]
[BlackElo "2003"]

1.e4 c5 2.Nf3 d6 3.d4 cxd4 4.Nxd4 Nf6 5.Nc3 a6 6.f3 e5 7.Nb3 Be6 8.Be3 Be7
9.Qd2 O-O 10.O-O-O Qc7 11.g4 Rc8 12.g5 Nh5 13.h4 Nd7 14.Qf2 g6 15.Bh3 b5
16.Bg4 b4 17.Nd5 Bxd5 18.exd5 a5 19.Kb1 a4 20.Nc1 Rcb8 21.b3 Rb5 22.Bxh5 gxh5
23.f4 Qa5 24.Qf3 axb3 25.cxb3 Nc5 26.Bxc5 Rxc5 27.Rh2 Rc3 28.Qe4 Ra7 29.fxe5 dxe5
30.d6 Bd8 31.Rd5 Qa3 32.Rb2 f6 33.gxf6 Bxf6 34.d7 Ra8 35.d8=Q+ Bxd8 36.Rg2+  1-0

[Event "3rd Rohde Open"]
[Site "Sautron FRA"]
[Date "2003.10.29"]
[Round "5"]
[White "Berthelot,Y"]
[Black "Geller,J"]
[Result "0-1"]
[WhiteElo "2331"]
[BlackElo "2486"]

1.e4 c5 2.Nf3 d6 3.d4 cxd4 4.Nxd4 Nf6 5.Nc3 a6 6.f3 Qb6 7.g4 e6 8.g5 Nfd7
9.a3 Nc6 10.Be3 Qc7 11.Qd2 b5 12.Ndxb5 axb5 13.Nxb5 Qb8 14.O-O-O Ba6 15.Nxd6+ Bxd6
16.Qxd6 Qxd6 17.Rxd6 Bxf1 18.Rxf1 Rc8 19.b3 Ke7 20.Rfd1 Rc7 21.f4 Na5 22.Kb1 Rb8
23.R6d3 f6 24.Bd2 Nc6 25.Rg3 fxg5 26.fxg5 Rcc8 27.Bc1 e5 28.Bb2 Nf8 29.Rh3 Ne6
30.Rxh7 Rh8 31.g6 Rxh7 32.gxh7 Rh8 33.Rd5 Rxh7 34.b4 Kf6 35.b5 Ncd4 36.a4 g5
37.Bxd4 Nxd4 38.Rd6+ Ke7 39.Rg6 Ne6 40.b6 Rh8 41.a5 Kf7 42.a6 Kxg6 43.a7 Nc5
44.Ka2 Ra8  0-1

[Event "WYg18"]
[Site "Halkidiki GRE"]
[Date "2003.10.31"]
[Round "9"]
[White "Zawadzka,J"]
[Black "Motoc,A"]
[Result "1-0"]
[WhiteElo "2228"]
[BlackElo "2363"]

1.e4 c5 2.Nf3 d6 3.d4 cxd4 4.Nxd4 Nf6 5.Nc3 a6 6.f3 e5 7.Nb3 Be6 8.Be3 h5
9.Qd2 Nbd7 10.Be2 Be7 11.O-O Qc7 12.Nd5 Nxd5 13.exd5 Bf5 14.c4 b6 15.f4 Be4
16.fxe5 dxe5 17.Bd3 Bxd3 18.Qxd3 Nc5 19.Qf5 Bd6 20.Nd2 a5 21.Rae1 f6 22.Kh1 Qd7
23.Qg6+ Qf7 24.Qc2 O-O 25.Nf3 Qd7 26.Nh4 Qg4 27.Nf5 Rfd8 28.h3 Qe4 29.Qxe4 Nxe4
30.Bxb6 Rdb8 31.Bg1 Nd2 32.Nxd6 Nxf1 33.Rxf1 Rxb2 34.c5 Rd2 35.Nc4 Rxa2 36.Rc1 a4
37.c6 a3 38.c7 Kf7 39.Nb6  1-0